Derecho romano

Saved in:
Bibliographic Details
Main Author: Samper Polo, Francisco (autor)
Format: Book
Language:Spanish
Published: Santiago, Chile: Universidad Internacional SEK, 1993
Edition:Tercera Edición
Series:Manuales
Subjects:
Tags: Add Tag
No Tags, Be the first to tag this record!

MARC

LEADER 00000nam a2200000 a 4500
001 UCZ1885
003 CL-VaPUC
005 20250326154022.0
008 950914e19930000CL |||||||||||||||||spa|d
999 |c 238564  |d 238562 
040 |c Pontificia Universidad Católica de Valparaíso 
082 0 4 |a 340.54 SAM 1993  |2 21 
100 1 |a Samper Polo, Francisco  |e autor  |9 522975 
245 1 0 |a Derecho romano 
250 |a Tercera Edición 
260 |a Santiago, Chile:  |b Universidad Internacional SEK,  |c 1993 
300 |a 392 páginas 
490 0 |a Manuales 
583 |a last modification  |c 19950914 00:00:00  |k Rodrigo Vera 
650 1 |a Derecho romano  |x Historia  |9 866196 
650 1 |a Derecho sucesorio (Derecho romano)   |9 872235 
650 1 |a Contratos (Derecho romano)  |9 872236 
650 1 |a Derecho romano   |x Fuentes  |9 869578 
942 |c BK  |2 ddc 
945 |d 19950914 00:00:00  |a awong 
952 |0 0  |1 0  |4 0  |6 340_540000000000000_SAM_1993  |7 0  |8 A  |9 248821  |a BIBDER  |b BIBDER  |d 2019-11-18  |i 3131831  |l 20  |m 8  |o 340.54 SAM 1993  |p 3131831  |r 2024-08-22  |s 2024-08-16  |w 2019-11-18  |y BK  |k DER 
952 |0 0  |1 0  |4 0  |6 340_540000000000000_SAM_1993  |7 0  |8 A  |9 248822  |a BIBDER  |b BIBDER  |d 2019-11-18  |i 313184K  |l 22  |m 2  |o 340.54 SAM 1993  |p 313184K  |r 2023-09-26  |s 2023-09-21  |w 2019-11-18  |y BK  |k DER 
952 |0 0  |1 0  |4 0  |6 340_540000000000000_SAM_1993  |7 0  |8 A  |9 248823  |a BIBDER  |b BIBDER  |d 2019-11-18  |i 3131858  |l 13  |m 3  |o 340.54 SAM 1993  |p 3131858  |r 2024-06-27  |s 2024-06-21  |w 2019-11-18  |y BK  |k DER 
952 |0 0  |1 0  |4 0  |6 340_540000000000000_SAM_1993  |7 0  |8 A  |9 248824  |a BIBDER  |b BIBDER  |d 2019-11-18  |i 3131866  |l 9  |o 340.54 SAM 1993  |p 3131866  |r 2024-10-02  |s 2024-09-24  |w 2019-11-18  |y BK  |k DER 
952 |0 0  |1 0  |4 0  |6 340_540000000000000_SAM_1993  |7 0  |8 A  |9 248825  |a BIBDER  |b BIBDER  |d 2019-11-18  |i 2986752  |l 24  |m 7  |o 340.54 SAM 1993  |p 2986752  |r 2024-06-26  |s 2024-06-19  |w 2019-11-18  |y BK  |k DER 
952 |0 0  |1 0  |4 0  |6 340_540000000000000_SAM_1993  |7 0  |8 A  |9 248826  |a BIBDER  |b BIBDER  |d 2019-11-18  |i 2986760  |l 32  |m 8  |o 340.54 SAM 1993  |p 2986760  |r 2025-03-27  |s 2025-03-19  |w 2019-11-18  |y BK  |k DER